| 000 | 00765nas a2200277 4500 | ||
|---|---|---|---|
| 001 | BR8902116 | ||
| 003 | BR-BrBNA | ||
| 005 | 20231205091530.0 | ||
| 007 | ta | ||
| 008 | 230509b bl.|||p| |||| 00| 00por d | ||
| 040 |
_aBR-BrBNA _bpor _cBiblioteca Nacional de Agricultura |
||
| 041 | _a(Pt) | ||
| 072 | _aH10 | ||
| 100 | 1 | _aLink, D. | |
| 100 | 1 | _aCosta, E.C. | |
| 245 | 1 | _aControle integrado dos insetos e outros animais nocivos a cultura da soja | |
| 650 | _aSOJA | ||
| 650 | _aCONTROLE INTEGRADO | ||
| 650 | _aVAQUINHA | ||
| 650 | _aLAGARTA | ||
| 650 | _aBROCA | ||
| 650 | _aPERCEVEJO | ||
| 773 | 0 |
_tAgrotecnica (Brazil) _xISSN 0102-8898 _g(Dec 1988), (no. 4) p. 4-8 _wBR8902116 |
|
| 909 |
_a202311 _bLúcia _c55 _dLúcia Elande |
||
| 942 |
_2AGRIS _n0 _cANA |
||
| 999 |
_c125678 _d125678 |
||